Daya pengaruh dan perubahan sikap /

Bibliographic Details
Main Author: Abdullah Hassan
Format: Book
Published: Kuala Lumpur: Utusan Publications & Distributors, 1997.
Subjects:
LEADER 00587cam a2200193 7i4500
001 0000016785
005 20151104090000.0
005 ##20151104120400.0
003 ##MY-KlINT
020 # # |a 967610812X  
039 # 9 |y 201511041204  |z VLOAD 
090 0 0 |a 152.4   |b ABD 
100 1 # |a Abdullah Hassan 
245 1 0 |a Daya pengaruh dan perubahan sikap /   |c Abdullah Hassan dan Ainon Mohd. 
260 # # |a Kuala Lumpur:   |b Utusan Publications & Distributors,   |c 1997. 
300 # # |a 361 p.. 
650 # 0 |a Interpersonal relations  
650 # 0 |a Communication --   |x Psychological aspects  
650 # 0 |a Interpersonal,communications